Quizzes
Events
Quiz Creation
Community
Videos
Private Events
Remove Ads
Sign In
Join for FREE
Feedback
Dark Mode
Quiz Categories
Sports
Geography
Music
Movies
Television
Just For Fun
Miscellaneous
History
Literature
Language
Science
Gaming
Entertainment
Religion
Holiday
For Kids
Quiz Lab
Recent
Popular Today
Quiz Kudos Today
Editor Picks
Curator Picks
Quizzes by...
Day
Popularity
Type
Ratings
Length
Year
Community
Subscriptions
Recent Discussions
Orange Saloon
Badges
Playlists
Quests
Create
Leaderboards
Showdown
Live 5
Trivia Bingo
Activity
Puzzle Library
Sporcle Events
Private Events
Virtual Trivia
Globe League
Become a Host
Pub Owners
SporcleCon
Opinionation
Our Games
Videos
Blog
Mobile Apps
Partnerships
Remove Ads and Go Orange
Feedback
Sports
Athletes
MLB
NBA
NHL
NFL
Soccer
Sports Teams
WWE
NCAA
Football
Premier League
Basketball
Baseball
Hockey
Golf
Tennis
Cricket
Rugby
Auto Racing
Olympics
World Cup
Sports
Athletes
MLB
NBA
NHL
NFL
Soccer
Sports Teams
WWE
NCAA
Football
Premier League
Basketball
Baseball
Hockey
Golf
Tennis
Cricket
Rugby
Auto Racing
Olympics
World Cup
Random Quiz
Search Sporcle
×
Quiz Lab
Quiz Lab
Sports
Country
Type in answers that appear in a list
Type in answers that appear in a list
Classic
Best Score? Go Orange.
AFCON 2017 Goalscorers Stats
Can you name the goalscorers from AFCON 2017?
By
Calum678
8m
50 Questions
50 Plays
50 Plays
50 Plays
Comments
Comments
Give Quiz Kudos
Give Quiz Kudos
-
- Ratings
hide this ad
Replay
Link that replays current quiz
Next Quiz
Link to next quiz in quiz playlist
You Got
0%
They Got
Avg Score
21%
Avg Friend Score
Upgrade to see
Score Distribution
Jump to the score distribution portion of the page
Score
0/50
Timer
08:00
0
Plays Today
Country
Player
% Correct
Algeria
Riyad Mahrez
84%
Gabon
Pierre Emerick Aubameyang
80%
Egypt
Mohamed Salah
80%
Senegal
Sadio Mane
76%
Algeria
Islam Slimani
66%
Burkina Faso
Bertrand Traore
56%
Ghana
Andre Ayew
50%
Ghana
Jordan Ayew
50%
Cameroon
Vincent Aboubakar
48%
Egypt
Mohamed Elneny
40%
Ivory Coast
Wilfried Bony
28%
Tunisia
Wahbi Khazri
26%
Tunisia
Youssef Msakni
24%
Ghana
Asamoah Gyan
24%
Burkina Faso
Aristide Bance
22%
Cameroon
Benjamin Moukandjo
20%
Morocco
Romain Saiss
20%
Egypt
Kahraba
20%
Cameroon
Christian Bassogog
18%
Cameroon
Nicolas Nkoulou
18%
Morocco
Rachid Alioui
18%
Zimbabwe
Knowledge Musona
16%
Ivory Coast
Serey Die
16%
Tunisia
Naim Sliti
16%
Mali
Yves Bissouma
14%
Country
Player
% Correct
Morocco
Youssef En Nesyri
12%
Egypt
Abdallah Said
10%
Guinea Bissau
Piqueti
8%
Algeria
Sofiane Hanni
8%
Uganda
Farouk Miya
8%
Burkina Faso
Prejuce Nakoulma
8%
Senegal
Henri Saivet
8%
Senegal
Papakouli Diop
8%
Senegal
Moussa Sow
8%
Morocco
Aziz Bouhaddouz
8%
DR Congo
Junior Kabananga
8%
Togo
Mathieu Dossevi
6%
Togo
Kodjo Fo Doh Laba
6%
Cameroon
Sebastien Siani
6%
Senegal
Kara Mbodj
6%
Tunisia
Taha Yassine Khenissi
6%
Guinea Bissau
Juary Soares
4%
Zimbabwe
Kudakwashe Mahachi
4%
Zimbabwe
Tendai Ndoro
4%
Burkina Faso
Issoufou Dayo
4%
Zimbabwe
Nyasha Mushekwi
2%
Cameroon
Michael Ngadeu Ngadjui
2%
DR Congo
Neeskens Kebano
2%
DR Congo
Firmin Ndombe Mubele
2%
DR Congo
Paul Jose M'Poku
2%
Quiz Playlist
Details
Report
Send in Message
Add To Playlist
Classic:
Type in answers that appear in a list
Last Updated: Feb 16, 2017
Quiz Scoreboard
CHALLENGE
Sign Up to Join the Scoreboard
Show All
Scores
Hide
Comments
May contain spoilers
Recently Published
College Basketball Coaching Resumes
by pancakes188
Sports
9m
Billboard Blitz: Fleetwood Mac
by CooCooCachoo
Music
15s
Presidents Visiting Landmarks
by Hejman
History
7m
More to Explore
Quiz From the Vault
Featured Blog Post
Where Did the Easter Bunny Come From?
hide this ad
You Might Also Like...
Tags
Country Quiz
2017
goal
Goal Scorers
Player
Today's Top Quizzes in Sports
Browse Sports
hide this ad
Today's Top Quizzes in Country
Browse Country
Top Contributed Quizzes in Sports
1
2022 World Cup Stars
2
Les meilleurs buteurs des matchs entre le PSG et l’OM
3
FIFA Club World Cup Champions
4
Les entraîneurs de l'OM et du PSG au 21e siècle
5
Criteria MLB: Left Handed Sluggers
6
AFC Teams Reveal (Wrong Answers Minefield)
7
5-to-1: UK Sports Teams
8
5-to-1: FBS Animal Nicknames
9
2023 MLB Unique Player Accomplishments
10
Name the Premier League winners with different clubs
Explore More
Trending Topics
Anime
Crossword
NBA
Kpop
Marvel
Harry Potter
Disney
The Office
Puzzle
Soccer
Song
NFL
Pokémon
Country
WWE
hide this ad
More By:
Calum678
Quiz
Plays
Rating
Category
Featured
Created
Football Chain I
4,197
5.00
Sports
Jun 3, 2018
Scottish Football Quiz (2000-)
2,039
5.00
Sports
Mar 23, 2018
Football Chain II
1,886
5.00
Sports
Jun 4, 2018
2018 World Cup - Name Match
1,374
4.80
Sports
Jun 23, 2018
Who Am I? (Footballers)
1,028
Sports
Mar 15, 2017
Go to Creator's Profile
Score Distribution
Quiz Creator Spotlight
Calum678
Follow
Send a Message
Quizzes Created
-
Created Quiz Play Count
-
More By This Creator
Popular Quizzes Today
1
Find the US States - No Outlines Minefield
2
Find the Countries of Europe - No Outlines Minefield
3
The Countries of the World
4
Find the US States
5
Risky Map Clicking: Biggest States A-Z
6
US States
7
Popular People in 1961
8
Movies - When Are They Set?
More Sports Quizzes
Guess the Soccer Team Logos
Quiz Lab
Trending Quizzes
Risky Map Clicking: Least Populous States A-Z
1-10 Letter G Words
1-10 Letter F Words
Risky Map Clicking: Next State Alphabetically
Risky Map Clicking: Biggest States A-Z
Recently Updated
Leaping Animals
pecheneg
Reality TV Shows (A-Z)
bhenderson79
Rickey Henderson's Hall of Fame Teammates
pecheneg
Champions League XIs: Arsenal
pecheneg
Quick Pick: Celebrities in WWE's Hall of Fame
aduchscher
A-Z Keypad Blitz II
pecheneg
Multiple Oscar Actors
pecheneg
Mystery Phrase Blitz: Oscar 'Best Actors'
pecheneg
F. Scott Fitzgerald Novels
LTH
Pick 3 Villains
ddd62291
Trending Topics
Marvel
Kpop
Disney
Crossword
Harry Potter
Anime
NBA
WWE
The Office
Pokémon
NFL
Soccer
Song
Country
Puzzle
Your Account Isn't Verified!
In order to create a playlist on Sporcle, you need to verify the email address you used during registration. Go to your
Sporcle Settings
to finish the process.
Report this User
Report this user for behavior that violates our
Community Guidelines
.
Details:
Send Report
Go to the Sporcle.com Mobile Site →
Comments